[Event "Brazil Xadrez Brasil op"]
[Site "Brazil"]
[Date "2010.11.15"]
[Round "6"]
[White "Sampaio Filho, Joao Rodrigues"]
[Black "De Araujo, Claudio Sergio"]
[Result "1-0"]
[WhiteElo "1812"]
[BlackElo "1563"]
[PlyCount "109"]
[EventDate "2010.11.12"]
[EventType "swiss"]
[EventRounds "7"]
[EventCountry "BRA"]
[SourceTitle "EXT 2013"]
[Source "ChessBase"]
[SourceDate "2012.11.22"]
[SourceVersion "1"]
[SourceVersionDate "2012.11.22"]
[SourceQuality "1"]

1. e4 d5 2. exd5 Qxd5 3. Nc3 Qa5 4. d4 c6 5. Nf3 Bg4 6. Be2 Nf6 7. Bd2 Qd8 8. Be3 e6 9. a3 Bd6 10. Qd2 Nbd7 11. h3 Bh5 12. g4 Bg6 13. Bd3 Qa5 14. Ke2 Nd5 15. Bxg6 hxg6 16. Nxd5 Qxd5 17. b3 b5 18. Qd3 Nb6 19. a4 b4 20. Rad1 a5 21. Ne5 Bxe5 22. dxe5 Qxd3+ 23. Rxd3 Nd5 24. Bd2 Rb8 25. Rd4 Ke7 26. Rc4 Kd7 27. Rc5 Ra8 28. h4 f6 29. f4 g5 30. fxg5 fxe5 31. h5 Kd6 32. Rc4 Raf8 33. c3 Nb6 34. Re4 c5 35. c4 Rf7 36. Rf1 Rxf1 37. Kxf1 Rf8+ 38. Ke2 g6 39. h6 Rf7 40. Re3 Rh7 41. Rf3 Nd7 42. Ke3 Ke7 43. Be1 Kd6 44. Bg3 Ke7 45. Ke4 Rf7 46. Rxf7+ Kxf7 47. Bxe5 Kg8 48. Bc7 Nf8 49. Bxa5 Kf7 50. Ke5 Ke7 51. Bc7 Nd7+ 52. Ke4 Nf8 53. a5 Kd7 54. Bb6 Kc6 55. Ke5 1-0

[Event "Brazil Xadrez Brasil op"]
[Site "Brazil"]
[Date "2010.11.12"]
[Round "1"]
[White "Campos, Westerley Batista"]
[Black "De Araujo, Claudio Sergio"]
[Result "1-0"]
[WhiteElo "1735"]
[BlackElo "1563"]
[PlyCount "91"]
[EventDate "2010.11.12"]
[EventType "swiss"]
[EventRounds "7"]
[EventCountry "BRA"]
[SourceTitle "EXT 2013"]
[Source "ChessBase"]
[SourceDate "2012.11.22"]
[SourceVersion "1"]
[SourceVersionDate "2012.11.22"]
[SourceQuality "1"]

1. d4 d5 2. c4 Nf6 3. Nc3 g6 4. Nf3 Bg7 5. Bf4 0-0 6. cxd5 Nxd5 7. Bg3 c6 8. e4 Nf6 9. Bc4 Qa5 10. Qc2 b5 11. Bb3 Na6 12. 0-0 Nb4 13. Qe2 Bg4 14. a3 Na6 15. h3 Bd7 16. Ne5 Qd8 17. Rad1 Qc8 18. d5 cxd5 19. Nxd5 Nxd5 20. Bxd5 Bxe5 21. Bxa8 Bxg3 22. fxg3 b4 23. Rc1 Qxa8 24. Qxa6 Qb8 25. a4 b3 26. Rc3 Be6 27. Rfc1 h5 28. Qa5 Qa8 29. Qe5 Rd8 30. Rc7 Qb8 31. Qg5 Rd1+ 32. Kh2 Rxc1 33. Rxc1 Qb4 34. Rc7 Qxe4 35. Rxa7 Bd5 36. Qd2 h4 37. gxh4 Qe5+ 38. Kg1 Be6 39. Ra5 Qe4 40. h5 Bf5 41. Rd5 Qxa4 42. Qg5 Qa1+ 43. Kh2 Qb1 44. Rd8+ Kg7 45. Qxe7 Qxb2 46. Qf8+ 1-0